000
00319 a2200121 4500
001
ART_46566
005
20260410161630.0
008
260409a
245
1
0
_a
La Resolución técnica 48
100
1
_a
Díaz, Teresa
700
1
_a
Pozzi, Nélida B.
773
0
_t
Enfoques
_g
- N°6 (jun. 2018)
_w
REV416
999
_c
12378
_d
12378